00681nam a2200241 a 4500001001300000003000900013005001700022008004100039020002300080082001600103100001700119245001600136260004300152300000900195500003500204505001800239650001600257700001700273902000800290942000700298952011700305999001700422nice12345678IN_TiNIC20260116014105.0070808s2007 oxfa grp 000 0 eng  a1851682082 c19500a297.93bSMI aSmith, Peter aBahai Faith aOxford bOne World Publications c2007 a176p aincludes index and biblioraphy2 abiblio, index aBahai Faith1 aSmith, Peter bSRS cBK 001040708StackRoom-aHMIbHMId2007-08-08g195.00l0o297.93 SMIp022094r2007-08-08v195.00w2007-08-08yBK c13831d13831